000 00592nam a2200229Ia 4500
003 OSt
005 20220918202247.0
006 a|||||r|||| 00| 0
007 ta
008 220917b |||||||| |||| 00| 0 eng d
024 _a99,887
037 _cTextual
040 _aARTS
_cARTS
_beng
041 _2eng
_aeng
082 _aV2:5:c, J0;1 (Y1D)
100 _aRenou Louis
_947956
245 0 _aCivilization of ancient India tr by Philip Spratt
260 _c1950
650 _aHISTORY
942 _hV2:5:c, J0;1 (Y1D)
_cTEXL
_2CC
999 _c223448
_d223448